[Event "Moscow RSHSH"]
[Site "Moscow"]
[Date "2023.08.15"]
[Round "2"]
[White "Korovin, Mikhail"]
[Black "Usov, Aleksandr E"]
[Result "1/2-1/2"]
[WhiteElo "2339"]
[BlackElo "2242"]
[PlyCount "116"]
[EventDate "2023.08.14"]
[EventType "tourn"]
[EventRounds "9"]
[EventCountry "RUS"]
[EventCategory "2"]
[SourceTitle "CBM 215 Extra"]
[Source "ChessBase"]
[SourceDate "2023.09.30"]
[SourceVersion "1"]
[SourceVersionDate "2023.09.30"]
[SourceQuality "1"]

1. Nf3 d5 2. c4 c6 3. d4 Nf6 4. e3 Bf5 5. Nc3 e6 6. Be2 h6 7. Qb3 Qb6 8. c5 Qc7 9. 0-0 b6 10. cxb6 axb6 11. Bd2 Nbd7 12. Rfc1 Qb7 13. Na4 Ne4 14. Bb4 c5 15. Bb5 cxb4 16. Ne5 Rd8 17. Bc6 Qa6 18. Nxd7 Rxd7 19. f3 b5 20. fxe4 bxa4 21. Bxd7+ Kxd7 22. Qc2 Bxe4 23. Qc7+ Ke8 24. Qb8+ Ke7 25. Rc7+ Kf6 26. Rf1+ Bf5 27. Qe8 Kg6 28. g4 Kh7 29. gxf5 Bd6 30. Qxf7 Bxh2+ 31. Kxh2 Qe2+ 32. Kg1 Qxe3+ 33. Rf2 Qe1+ 34. Kg2 Qe4+ 35. Rf3 Qe2+ 36. Kg3 Qe1+ 37. Kg2 Qe2+ 38. Rf2 Qg4+ 39. Kh2 Qh4+ 40. Kg1 Qg4+ 41. Rg2 Qxd4+ 42. Kf1 Qd1+ 43. Kf2 Qd2+ 44. Kg3 Qe3+ 45. Kh2 Qf4+ 46. Kh3 Qf3+ 47. Kh2 Qf4+ 48. Rg3 Qf2+ 49. Kh3 Qf1+ 50. Kg4 Qd1+ 51. Kf4 e5+ 52. Ke3 Qe1+ 53. Kf3 Qf1+ 54. Kg4 Qd1+ 55. Rf3 Qg1+ 56. Kh4 Qh2+ 57. Kg4 Qg2+ 58. Rg3 Qe4+ 1/2-1/2

[Event "Titled Tuesday intern op 12th Apr Early"]
[Site "Chess.com INT"]
[Date "2022.04.12"]
[Round "2"]
[White "Korovin, Mikhail"]
[Black "Bychkov, Vladimir"]
[Result "1-0"]
[WhiteElo "2339"]
[BlackElo "2303"]
[PlyCount "55"]
[EventDate "2022.04.12"]
[EventType "swiss (blitz)"]
[EventRounds "11"]
[EventCountry "USA"]
[SourceTitle "CBM 207 Extra"]
[Source "ChessBase"]
[SourceDate "2022.05.31"]
[SourceVersion "1"]
[SourceVersionDate "2022.05.31"]
[SourceQuality "1"]

1. Nf3 Nf6 2. Nc3 d5 3. d3 Bg4 4. Bg5 e6 5. e4 d4 6. Ne2 Bxf3 7. gxf3 Bb4+ 8. c3 dxc3 9. bxc3 Be7 10. Qb3 b6 11. Qa4+ c6 12. d4 0-0 13. Bg2 Nbd7 14. Qxc6 Rc8 15. Qa4 Qc7 16. Bf4 e5 17. Bg3 Bd6 18. 0-0 Nh5 19. Rfd1 Rfd8 20. Bh3 g6 21. Bxd7 Rxd7 22. dxe5 b5 23. exd6 Qc5 24. Qd4 Qc6 25. Nf4 Ng7 26. Nd5 Kh8 27. Ne7 Qxc3 28. Nxc8 1-0

[Event "Titled Tuesday intern op 12th Apr Early"]
[Site "Chess.com INT"]
[Date "2022.04.12"]
[Round "4"]
[White "Korovin, Mikhail"]
[Black "Zlatin, Alexander"]
[Result "0-1"]
[WhiteElo "2339"]
[BlackElo "2324"]
[PlyCount "66"]
[EventDate "2022.04.12"]
[EventType "swiss (blitz)"]
[EventRounds "11"]
[EventCountry "USA"]
[SourceTitle "CBM 207 Extra"]
[Source "ChessBase"]
[SourceDate "2022.05.31"]
[SourceVersion "1"]
[SourceVersionDate "2022.05.31"]
[SourceQuality "1"]

1. Nf3 e6 2. Nc3 d5 3. d3 Nf6 4. e4 c5 5. Bg5 Be7 6. e5 Nfd7 7. h4 Nc6 8. Bf4 a6 9. h5 h6 10. Qd2 b5 11. g3 b4 12. Ne2 Qc7 13. Bg2 a5 14. c3 bxc3 15. bxc3 Ndxe5 16. Nxe5 Nxe5 17. d4 cxd4 18. Nxd4 Ba6 19. Rb1 Nd3+ 20. Qxd3 Bxd3 21. Bxc7 Bxb1 22. Kd2 Bxa2 23. Ra1 Bc4 24. Bxa5 Bd8 25. Nc6 Bxa5 26. Rxa5 Rxa5 27. Nxa5 0-0 28. Ke3 Rc8 29. Kd4 Bb5 30. Bf3 Kf8 31. g4 Ke7 32. Bd1 f6 33. f4 Rc7 0-1

[Event "Titled Tuesday intern op 12th Apr Early"]
[Site "Chess.com INT"]
[Date "2022.04.12"]
[Round "1"]
[White "Manukian, Artak"]
[Black "Korovin, Mikhail"]
[Result "0-1"]
[WhiteElo "2196"]
[BlackElo "2339"]
[PlyCount "26"]
[EventDate "2022.04.12"]
[EventType "swiss (blitz)"]
[EventRounds "11"]
[EventCountry "USA"]
[SourceTitle "CBM 207 Extra"]
[Source "ChessBase"]
[SourceDate "2022.05.31"]
[SourceVersion "1"]
[SourceVersionDate "2022.05.31"]
[SourceQuality "1"]

1. e4 e6 2. Nf3 d5 3. exd5 exd5 4. d4 Nc6 5. c3 Bd6 6. Bd3 Nge7 7. 0-0 Bg4 8. h3 Bh5 9. Bg5 f6 10. Bh4 Qd7 11. Bg3 0-0 12. Bxd6 Qxd6 13. Nbd2 Rae8 0-1

[Event "Titled Tuesday intern op 22 Mar Early"]
[Site "Chess.com INT"]
[Date "2022.03.22"]
[Round "2"]
[White "Korovin, Mikhail"]
[Black "Mikhalsky, Vladimir"]
[Result "1-0"]
[WhiteElo "2339"]
[BlackElo "2269"]
[PlyCount "67"]
[EventDate "2022.03.22"]
[EventType "swiss (blitz)"]
[EventRounds "11"]
[EventCountry "USA"]
[SourceTitle "CBM 207 Extra"]
[Source "ChessBase"]
[SourceDate "2022.05.31"]
[SourceVersion "1"]
[SourceVersionDate "2022.05.31"]
[SourceQuality "1"]

1. Nf3 c5 2. b3 Nc6 3. Bb2 d6 4. e3 e5 5. d4 cxd4 6. exd4 e4 7. Nfd2 d5 8. c4 f5 9. cxd5 Nb4 10. Nc3 Nf6 11. Bb5+ Bd7 12. Bc4 Qa5 13. 0-0 Bd6 14. a3 Nbxd5 15. Nxd5 Nxd5 16. Nxe4 fxe4 17. Qh5+ g6 18. Qxd5 Qxd5 19. Bxd5 Bc6 20. Bxc6+ bxc6 21. d5 0-0 22. dxc6 Rab8 23. b4 a5 24. Rfd1 Bf4 25. g3 Bg5 26. c7 Rb7 27. Rd7 Rc8 28. Be5 axb4 29. axb4 Rxb4 30. Rg7+ Kf8 31. Rxh7 Ke8 32. Rd1 Rc4 33. Rh8+ Kf7 34. Rxc8 1-0

[Event "Titled Tuesday intern op 03rd Aug"]
[Site "Chess.com INT"]
[Date "2021.08.03"]
[Round "5"]
[White "Siddharth, Jagadeesh"]
[Black "Korovin, Mikhail"]
[Result "0-1"]
[WhiteElo "2331"]
[BlackElo "2339"]
[PlyCount "74"]
[EventDate "2021.08.03"]
[EventType "swiss (blitz)"]
[EventRounds "11"]
[EventCountry "USA"]
[SourceTitle "CBM 203 Extra"]
[Source "ChessBase"]
[SourceDate "2021.09.30"]
[SourceVersion "1"]
[SourceVersionDate "2021.09.30"]
[SourceQuality "1"]

1. d4 Nf6 2. c4 e6 3. Nf3 Bb4+ 4. Bd2 Qe7 5. g3 Nc6 6. Nc3 0-0 7. Bg2 d6 8. 0-0 Bxc3 9. Bxc3 e5 10. d5 Nb8 11. Nd2 a5 12. e4 Nbd7 13. h3 Nc5 14. Qc2 b6 15. b3 Bd7 16. Rae1 Nh5 17. Kh2 f5 18. exf5 Bxf5 19. Ne4 Nf6 20. f3 Nfxe4 21. fxe4 Bg6 22. a3 a4 23. b4 Nb3 24. h4 Rxf1 25. Rxf1 Rf8 26. Qe2 Qe8 27. Bh3 Rxf1 28. Qxf1 Bxe4 29. Be6+ Kh8 30. Bd7 Qe7 31. Bxa4 Nd4 32. Bxd4 exd4 33. Qe2 d3 34. Qe3 Qe5 35. Bd1 Qb2+ 36. Kh3 Qe5 37. Bg4 Bg2+ 0-1

[Event "Titled Tuesday intern op 23rd Feb"]
[Site "Chess.com INT"]
[Date "2021.02.23"]
[Round "1"]
[White "Dushyant, Sharma"]
[Black "Korovin, Mikhail"]
[Result "0-1"]
[WhiteElo "2270"]
[BlackElo "2339"]
[PlyCount "88"]
[EventDate "2021.02.23"]
[EventType "swiss (blitz)"]
[EventRounds "11"]
[EventCountry "USA"]
[SourceTitle "CBM 200 Extra"]
[Source "ChessBase"]
[SourceDate "2021.03.31"]
[SourceVersion "1"]
[SourceVersionDate "2021.03.31"]
[SourceQuality "1"]

1. e4 e6 2. Nf3 d5 3. exd5 exd5 4. d4 Bd6 5. Bd3 Nc6 6. c3 Bg4 7. Be3 Nge7 8. Nbd2 Qd7 9. 0-0 0-0 10. Qc2 Bf5 11. Rae1 Rae8 12. Re2 Bg6 13. Rfe1 Nd8 14. Ne5 Qc8 15. f4 Bxd3 16. Qxd3 f6 17. Nef3 Qf5 18. Qxf5 Nxf5 19. g3 Kf7 20. Bf2 Rxe2 21. Rxe2 h5 22. Kg2 Ne6 23. Nf1 Re8 24. Re1 c6 25. Ne3 Nxe3+ 26. Bxe3 g6 27. Bd2 a5 28. b3 a4 29. Rb1 axb3 30. axb3 Ra8 31. Rb2 b5 32. h3 Ra1 33. Rc2 Rb1 34. c4 Rxb3 35. cxd5 cxd5 36. Rc6 Rxf3 37. Rxd6 Rd3 38. Ba5 Rxd4 39. Rb6 Ra4 40. Rxb5 Ra2+ 41. Kf1 Nd4 42. Rxd5 Nf5 43. Rc5 Nxg3+ 44. Ke1 Ra1+ 0-1

[Event "Titled Tuesday intern op 23rd Feb"]
[Site "Chess.com INT"]
[Date "2021.02.23"]
[Round "2"]
[White "Korovin, Mikhail"]
[Black "Proleiko, Julian"]
[Result "1-0"]
[WhiteElo "2339"]
[BlackElo "2149"]
[PlyCount "37"]
[EventDate "2021.02.23"]
[EventType "swiss (blitz)"]
[EventRounds "11"]
[EventCountry "USA"]
[SourceTitle "CBM 200 Extra"]
[Source "ChessBase"]
[SourceDate "2021.03.31"]
[SourceVersion "1"]
[SourceVersionDate "2021.03.31"]
[SourceQuality "1"]

1. Nf3 c5 2. b3 Nf6 3. Bb2 g6 4. Bxf6 exf6 5. c4 d5 6. cxd5 Qxd5 7. Nc3 Qd8 8. g3 Bg7 9. Bg2 0-0 10. 0-0 Nc6 11. Rc1 b6 12. d4 Ba6 13. dxc5 Rc8 14. cxb6 axb6 15. Qxd8 Rfxd8 16. Rfd1 Rxd1+ 17. Nxd1 Bxe2 18. Nd4 Bxd1 19. Nxc6 1-0

[Event "Titled Tuesday intern op 08th Sept"]
[Site "Chess.com INT"]
[Date "2020.09.08"]
[Round "3"]
[White "Horak, Martin"]
[Black "Korovin, Mikhail"]
[Result "0-1"]
[WhiteElo "2337"]
[BlackElo "2339"]
[PlyCount "42"]
[EventDate "2020.09.08"]
[EventType "swiss (blitz)"]
[EventRounds "10"]
[EventCountry "USA"]
[SourceTitle "CBM 198 Extra"]
[Source "ChessBase"]
[SourceDate "2020.11.30"]
[SourceVersion "1"]
[SourceVersionDate "2020.11.30"]
[SourceQuality "1"]

1. d4 e6 2. e4 d5 3. Nd2 Nc6 4. Ngf3 Nf6 5. e5 Nd7 6. Bb5 f6 7. exf6 Qxf6 8. Nf1 Bd6 9. Bg5 Qf7 10. Bh4 e5 11. dxe5 Ndxe5 12. Nxe5 Bxe5 13. Qe2 0-0 14. Bxc6 bxc6 15. Ne3 Bxb2 16. Rd1 Bc3+ 17. Kf1 a5 18. Kg1 Qg6 19. Bg3 Ba6 20. Qg4 Qxg4 21. Nxg4 Be2 0-1

[Event "Titled Tuesday intern op 19th May"]
[Site "Chess.com INT"]
[Date "2020.05.19"]
[Round "4"]
[White "Gatineau, Yovann"]
[Black "Korovin, Mikhail"]
[Result "0-1"]
[WhiteElo "2423"]
[BlackElo "2339"]
[PlyCount "62"]
[EventDate "2020.05.19"]
[EventType "swiss (blitz)"]
[EventRounds "10"]
[EventCountry "USA"]
[SourceTitle "EXT 2021"]
[Source "ChessBase"]
[SourceDate "2020.10.23"]
[SourceVersion "1"]
[SourceVersionDate "2020.10.23"]
[SourceQuality "1"]

1. e4 e6 2. d4 d5 3. Nd2 Nc6 4. Ngf3 Nf6 5. e5 Nd7 6. c3 f6 7. exf6 Qxf6 8. Bd3 e5 9. dxe5 Ndxe5 10. Nxe5 Nxe5 11. Qe2 Bd6 12. f4 Qxf4 13. Nf3 Qg4 14. Nxe5 Qxe2+ 15. Bxe2 Bxe5 16. 0-0 Rf8 17. Re1 Kd8 18. Bg5+ Bf6 19. Rad1 c6 20. Bxf6+ Rxf6 21. c4 Rd6 22. cxd5 cxd5 23. Bf3 Be6 24. Re5 d4 25. b3 Rc8 26. Bxb7 Rc2 27. Be4 Rxa2 28. Bxh7 Bxb3 29. Rde1 d3 30. Re8+ Kc7 31. R8e7+ Kb6 0-1

[Event "Titled Tuesday intern op 19th May"]
[Site "Chess.com INT"]
[Date "2020.05.19"]
[Round "7"]
[White "Korovin, Mikhail"]
[Black "Laurusas, Tomas"]
[Result "0-1"]
[WhiteElo "2339"]
[BlackElo "2511"]
[PlyCount "80"]
[EventDate "2020.05.19"]
[EventType "swiss (blitz)"]
[EventRounds "10"]
[EventCountry "USA"]
[SourceTitle "EXT 2021"]
[Source "ChessBase"]
[SourceDate "2020.10.23"]
[SourceVersion "1"]
[SourceVersionDate "2020.10.23"]
[SourceQuality "1"]

1. Nf3 d5 2. d4 Nf6 3. c4 c6 4. e3 Bf5 5. Nc3 e6 6. Nh4 Be4 7. f3 Bg6 8. Nxg6 hxg6 9. g3 Nbd7 10. Bg2 dxc4 11. 0-0 Be7 12. Qe2 b5 13. a4 Qb6 14. f4 Rb8 15. Bd2 0-0 16. Rfb1 a5 17. Nd1 c5 18. axb5 cxd4 19. exd4 Qxb5 20. Rxa5 Qb3 21. Rba1 Bb4 22. Ra7 Qc2 23. Nc3 Qxb2 24. Qe3 Nb6 25. Rb1 Bxc3 26. Rxb2 Bxb2 27. Be1 Nbd5 28. Qd2 Rfc8 29. Bf1 Bc3 30. Qd1 Ne3 31. Qc1 Bxd4 32. Ra2 c3 33. Ra4 c2 34. Rxd4 Rb1 35. Bd2 Rxc1 36. Bxc1 Nfd5 37. Bd3 Rb8 38. Kf2 Rb1 39. Bxe3 Nxe3 40. Rd8+ Kh7 0-1

[Event "Titled Tuesday intern op 19th May"]
[Site "Chess.com INT"]
[Date "2020.05.19"]
[Round "10"]
[White "Korovin, Mikhail"]
[Black "Sychev, Klementy"]
[Result "0-1"]
[WhiteElo "2339"]
[BlackElo "2572"]
[PlyCount "66"]
[EventDate "2020.05.19"]
[EventType "swiss (blitz)"]
[EventRounds "10"]
[EventCountry "USA"]
[SourceTitle "EXT 2021"]
[Source "ChessBase"]
[SourceDate "2020.10.23"]
[SourceVersion "1"]
[SourceVersionDate "2020.10.23"]
[SourceQuality "1"]

1. Nf3 Nf6 2. d4 g6 3. Nc3 d5 4. Bf4 Bg7 5. Nb5 Na6 6. e3 c6 7. Nc3 Nb8 8. Be2 0-0 9. h4 h6 10. Ne5 Nbd7 11. g4 Nxe5 12. Bxe5 Qb6 13. g5 hxg5 14. hxg5 Ne4 15. Bxg7 Kxg7 16. Nxe4 dxe4 17. b3 Qa5+ 18. Qd2 Qxg5 19. 0-0-0 Bf5 20. d5 Qf6 21. Kb1 Rad8 22. Qa5 Rxd5 23. Rxd5 cxd5 24. Qxd5 b6 25. Qb7 Rd8 26. Qc7 e5 27. Qxa7 Rd2 28. Qb8 Rd8 29. Qc7 Rc8 30. Qa7 Be6 31. Bd1 Qxf2 32. Qxb6 g5 33. Qb4 g4 0-1

[Event "Titled Tuesday intern op 19th May"]
[Site "Chess.com INT"]
[Date "2020.05.19"]
[Round "3"]
[White "Korovin, Mikhail"]
[Black "Wojtaszek, Radoslaw"]
[Result "0-1"]
[WhiteElo "2339"]
[BlackElo "2719"]
[PlyCount "52"]
[EventDate "2020.05.19"]
[EventType "swiss (blitz)"]
[EventRounds "10"]
[EventCountry "USA"]
[SourceTitle "EXT 2021"]
[Source "ChessBase"]
[SourceDate "2020.10.23"]
[SourceVersion "1"]
[SourceVersionDate "2020.10.23"]
[SourceQuality "1"]

1. Nf3 d5 2. g3 c6 3. Bg2 Bg4 4. 0-0 Nd7 5. b3 e5 6. Bb2 Bd6 7. d4 e4 8. Ne5 Bh5 9. f3 exf3 10. exf3 Ne7 11. Bh3 Nxe5 12. dxe5 Bc5+ 13. Kh1 0-0 14. Nd2 Qb6 15. g4 Bg6 16. f4 Be4+ 17. Nxe4 dxe4 18. Qe2 e3 19. c4 Rad8 20. Rad1 Ng6 21. f5 Rxd1 22. Qxd1 Rd8 23. Qf3 Nf8 24. e6 Qc7 25. b4 Rd2 26. Bc1 Qxh2# 0-1

[Event "Titled Tuesday intern op 12th May"]
[Site "Chess.com INT"]
[Date "2020.05.12"]
[Round "1"]
[White "Sarkar, Justin"]
[Black "Korovin, Mikhail"]
[Result "0-1"]
[WhiteElo "2380"]
[BlackElo "2339"]
[PlyCount "62"]
[EventDate "2020.05.12"]
[EventType "swiss (blitz)"]
[EventRounds "10"]
[EventCountry "USA"]
[SourceTitle "EXT 2021"]
[Source "ChessBase"]
[SourceDate "2020.10.23"]
[SourceVersion "1"]
[SourceVersionDate "2020.10.23"]
[SourceQuality "1"]

1. d4 Nf6 2. c4 e6 3. Nc3 Bb4 4. Qc2 0-0 5. e4 d6 6. e5 dxe5 7. dxe5 Ng4 8. Nf3 Nc6 9. a3 Be7 10. Bf4 f6 11. Bd3 f5 12. h3 Nh6 13. 0-0-0 Qe8 14. Nb5 Bd8 15. Bxh6 gxh6 16. Qd2 a6 17. Nc3 Kg7 18. g4 f4 19. h4 b5 20. cxb5 axb5 21. Nxb5 Bb7 22. g5 h5 23. Qe2 Na5 24. Be4 Bxe4 25. Qxe4 Qxb5 26. Nd4 Qa6 27. Kb1 Be7 28. Rc1 c5 29. Nf3 Rad8 30. Rhd1 Qc6 31. Qxc6 Nxc6 0-1

[Event "Titled Tuesday intern op 5th May"]
[Site "Chess.com INT"]
[Date "2020.05.05"]
[Round "2"]
[White "Boyer, Mahel"]
[Black "Korovin, Mikhail"]
[Result "1-0"]
[WhiteElo "2294"]
[BlackElo "2339"]
[PlyCount "145"]
[EventDate "2020.05.05"]
[EventType "swiss (blitz)"]
[EventRounds "10"]
[EventCountry "USA"]
[SourceTitle "EXT 2021"]
[Source "ChessBase"]
[SourceDate "2020.10.23"]
[SourceVersion "1"]
[SourceVersionDate "2020.10.23"]
[SourceQuality "1"]

1. d4 Nf6 2. c4 e6 3. Nc3 Bb4 4. a3 Bxc3+ 5. bxc3 0-0 6. f3 d6 7. e4 e5 8. Bd3 c5 9. Ne2 Nc6 10. 0-0 cxd4 11. cxd4 exd4 12. Bb2 Re8 13. Rb1 Qa5 14. Nxd4 Qc5 15. Be2 Be6 16. Kh1 Rab8 17. Nb5 a6 18. Qxd6 Qe3 19. Nc3 Rbd8 20. Qg3 Nh5 21. Qh4 Nf4 22. Bc1 Qxc3 23. Bxf4 Nd4 24. Qf2 Qc2 25. Rfe1 Nxe2 26. Qxe2 Qxe2 27. Rxe2 Bxc4 28. Rd2 b5 29. Rbd1 Rxd2 30. Rxd2 f6 31. h3 Re7 32. Rd6 a5 33. Bd2 a4 34. Bb4 Kf7 35. Rd4 Re6 36. Kh2 Kg6 37. Rd7 h5 38. Bf8 Kh7 39. Rxg7+ Kh8 40. Rc7 Ra6 41. Bc5 Kg8 42. Bb4 Re6 43. h4 Ra6 44. Kg3 Kh8 45. Kf4 Be6 46. g4 hxg4 47. fxg4 Kg8 48. h5 Bf7 49. Kf5 Be6+ 50. Kxf6 Bxg4+ 51. Kg5 Bf3 52. e5 Be4 53. h6 Bd3 54. Rg7+ Kh8 55. Be7 Bf5 56. Kxf5 Rxh6 57. Rg6 Rh5+ 58. Rg5 Rh3 59. Bf6+ Kh7 60. Rg7+ Kh6 61. Rg8 Rf3+ 62. Ke6 Rxa3 63. Kf7 Kh5 64. Rg5+ Kh4 65. e6 Kh3 66. e7 Re3 67. Re5 Rc3 68. e8Q Rg3 69. Ke7 b4 70. Qh5+ Kg2 71. Re2+ Kf1 72. Qh2 Rg2 73. Qxg2# 1-0

[Event "Titled Tuesday intern op 14th April"]
[Site "Chess.com INT"]
[Date "2020.04.14"]
[Round "3"]
[White "Skuhala, Jernej"]
[Black "Korovin, Mikhail"]
[Result "1-0"]
[WhiteElo "2163"]
[BlackElo "2339"]
[PlyCount "133"]
[EventDate "2020.04.14"]
[EventType "swiss (blitz)"]
[EventRounds "10"]
[EventCountry "USA"]
[SourceTitle "EXT 2021"]
[Source "ChessBase"]
[SourceDate "2020.10.23"]
[SourceVersion "1"]
[SourceVersionDate "2020.10.23"]
[SourceQuality "1"]

1. e4 e6 2. Nf3 d5 3. Nc3 Nf6 4. e5 Nfd7 5. d4 c5 6. Ne2 cxd4 7. Nexd4 Nc6 8. Bb5 Qc7 9. Bf4 Nxd4 10. Nxd4 a6 11. Bxd7+ Bxd7 12. 0-0 Be7 13. c3 0-0 14. Re1 b5 15. Qd3 b4 16. cxb4 Bxb4 17. Bd2 Bxd2 18. Qxd2 Rfc8 19. Re3 Qd8 20. Rg3 Rc4 21. b3 Rc7 22. h3 Rac8 23. Kh2 g6 24. Re1 Qh4 25. Rg4 Qe7 26. Re3 Rc1 27. Rf3 Ra1 28. Qh6 Qf8 29. Qg5 Rxa2 30. Qh4 Qg7 31. Rf6 Rd2 32. Qg5 Rd1 33. Rgf4 h6 34. Qg4 Rcc1 35. Rxf7 Qxf7 36. Rxf7 Kxf7 37. Nf3 g5 38. Nxg5+ hxg5 39. Qxg5 Rh1+ 40. Kg3 Rhe1 41. h4 Re2 42. h5 Rcc2 43. Qf6+ Ke8 44. Qh8+ Ke7 45. Qg7+ Kd8 46. Qf8+ Kc7 47. h6 Rxf2 48. Qxf2 Rxf2 49. Kxf2 d4 50. h7 Bc6 51. h8Q Bd5 52. Qg7+ Kc6 53. Qf8 Kb5 54. Qd6 a5 55. g4 d3 56. Ke3 Bxb3 57. Kd2 a4 58. g5 Kc4 59. g6 Bc2 60. g7 Kb3 61. g8Q Ka2 62. Qgb8 Bb3 63. Qdb4 Ka1 64. Qa3+ Kb1 65. Qc7 Bc2 66. Qcc3 Bb3 67. Qab2# 1-0

[Event "Titled Tuesday intern op 7th April"]
[Site "Chess.com INT"]
[Date "2020.04.07"]
[Round "9"]
[White "Kobalia, Mihail"]
[Black "Korovin, Mikhail"]
[Result "1/2-1/2"]
[WhiteElo "2614"]
[BlackElo "2339"]
[PlyCount "91"]
[EventDate "2020.04.07"]
[EventType "swiss (blitz)"]
[EventRounds "10"]
[EventCountry "USA"]
[SourceTitle "EXT 2021"]
[Source "ChessBase"]
[SourceDate "2020.10.23"]
[SourceVersion "1"]
[SourceVersionDate "2020.10.23"]
[SourceQuality "1"]

1. e4 e6 2. d4 d5 3. Nc3 Bb4 4. e5 Qd7 5. Qg4 Bf8 6. Nf3 b6 7. h4 h5 8. Qh3 Ba6 9. Bxa6 Nxa6 10. Bg5 Nb4 11. Rc1 Nh6 12. Bxh6 Rxh6 13. 0-0 Be7 14. Ng5 Bxg5 15. hxg5 Rh8 16. a3 Nc6 17. Ne2 g6 18. Rfd1 0-0-0 19. Qf3 Kb8 20. b4 Ne7 21. Nf4 Nf5 22. c4 dxc4 23. Rxc4 Qb5 24. Qc3 Rd7 25. d5 Rhd8 26. Rc1 exd5 27. Rxc7 d4 28. Qc2 d3 29. Nxd3 Nd4 30. Rxd7 Qxd7 31. Qd1 Ne6 32. Nb2 Qxd1+ 33. Rxd1 Rxd1+ 34. Nxd1 Nxg5 35. Nc3 Kb7 36. f4 Ne6 37. g3 Nd4 38. Kf2 Nc2 39. Nb1 Kc6 40. Ke2 Kd5 41. Kd3 Ne1+ 42. Ke2 Nc2 43. Kd3 Ne1+ 44. Ke2 Ng2 45. Kf3 Ne1+ 46. Ke2 1/2-1/2

[Event "Titled Tuesday intern op 7th April"]
[Site "Chess.com INT"]
[Date "2020.04.07"]
[Round "3"]
[White "Korovin, Mikhail"]
[Black "Pastar, Slaven"]
[Result "1-0"]
[WhiteElo "2339"]
[BlackElo "2323"]
[PlyCount "106"]
[EventDate "2020.04.07"]
[EventType "swiss (blitz)"]
[EventRounds "10"]
[EventCountry "USA"]
[SourceTitle "EXT 2021"]
[Source "ChessBase"]
[SourceDate "2020.10.23"]
[SourceVersion "1"]
[SourceVersionDate "2020.10.23"]
[SourceQuality "1"]

1. Nf3 d5 2. b3 Nf6 3. Bb2 e6 4. g3 Be7 5. Bg2 0-0 6. 0-0 c6 7. d3 Nbd7 8. Nbd2 Re8 9. e4 h6 10. e5 Nh7 11. d4 c5 12. c4 dxc4 13. Nxc4 Nb6 14. dxc5 Nxc4 15. bxc4 Bxc5 16. Qb3 Qb6 17. Rad1 Nf8 18. Nd4 Bd7 19. Bxb7 Rab8 20. Be4 Bxd4 21. Bxd4 Qxb3 22. axb3 Rxb3 23. Bxa7 Rc8 24. c5 Bb5 25. Rb1 Bc4 26. Rxb3 Bxb3 27. c6 Bd5 28. Bxd5 exd5 29. Rc1 Ne6 30. f4 g6 31. Bb6 Kf8 32. Kf2 Ke8 33. Ke3 h5 34. h3 Ra8 35. Rc3 Rb8 36. c7 Rc8 37. Rc6 Kd7 38. Rd6+ Ke8 39. Rd8+ Nxd8 40. cxd8Q+ Rxd8 41. Bxd8 Kxd8 42. Kd4 Kc8 43. Kxd5 Kd7 44. g4 hxg4 45. hxg4 Ke7 46. f5 gxf5 47. gxf5 Kd7 48. f6 Kd8 49. Kd6 Ke8 50. Kc7 Kf8 51. Kd7 Kg8 52. Ke7 Kh8 53. Kxf7 Kh7 1-0

[Event "Nezhmetdinov Memorial rapid 41st"]
[Site "Kazan"]
[Date "2019.05.30"]
[Round "10"]
[White "Frolyanov, Dmitry"]
[Black "Korovin, Mikhail"]
[Result "1/2-1/2"]
[WhiteElo "2538"]
[BlackElo "2311"]
[PlyCount "103"]
[EventDate "2019.05.29"]
[EventType "swiss (rapid)"]
[EventRounds "11"]
[EventCountry "RUS"]
[SourceTitle "CBM 190 Extra"]
[Source "ChessBase"]
[SourceDate "2019.07.15"]
[SourceVersion "1"]
[SourceVersionDate "2019.07.15"]
[SourceQuality "1"]

1. e4 e6 2. d4 d5 3. Nd2 Nc6 4. Ngf3 Nf6 5. e5 Nd7 6. c3 f6 7. exf6 Qxf6 8. Be2 Bd6 9. Nf1 0-0 10. Ng3 e5 11. dxe5 Ndxe5 12. 0-0 Be6 13. Ng5 Bc5 14. Kh1 Rad8 15. f4 Nc4 16. Qd3 g6 17. Nxe6 Qxe6 18. f5 gxf5 19. Nxf5 Kh8 20. Bg5 Rde8 21. Bh5 N6e5 22. Qg3 Ng6 23. Bg4 Qe5 24. Qh3 Nd6 25. b4 Ne4 26. bxc5 Nxg5 27. Qh6 Ne4 28. Bh5 Nf2+ 29. Rxf2 Rxf5 30. Rxf5 Qxf5 31. h3 Kg8 32. Bg4 Qf4 33. Qxf4 Nxf4 34. Rb1 b6 35. cxb6 axb6 36. Rd1 Re3 37. Rd4 Nd3 38. Kh2 c6 39. c4 dxc4 40. Rxc4 Ne5 41. Be6+ Kg7 42. Rb4 b5 43. Bc8 Re2 44. a4 bxa4 45. Rxa4 Nf3+ 46. Kg3 Ne1 47. Rg4+ Kf6 48. Rf4+ Ke5 49. Rf5+ Kd6 50. Rf6+ Kc7 51. Bg4 Rxg2+ 52. Kh4 1/2-1/2

[Event "Moscow blitz 72nd"]
[Site "Moscow"]
[Date "2018.09.08"]
[Round "17"]
[White "Glek, Igor Vladimirovich"]
[Black "Korovin, Mikhail"]
[Result "1-0"]
[WhiteElo "2444"]
[BlackElo "2311"]
[PlyCount "71"]
[EventDate "2018.09.08"]
[EventType "tourn (blitz)"]
[EventRounds "19"]
[EventCountry "RUS"]
[EventCategory "11"]
[SourceTitle "CBM 186 Extra"]
[Source "ChessBase"]
[SourceDate "2018.08.24"]
[SourceVersion "1"]
[SourceVersionDate "2018.08.24"]
[SourceQuality "1"]

1. e4 e6 2. f4 d5 3. e5 c5 4. Nf3 h5 5. c3 Nc6 6. Na3 Nh6 7. Nc2 Qb6 8. Rb1 Bd7 9. d3 d4 10. Bd2 Nf5 11. c4 a5 12. b3 f6 13. g3 Qc7 14. Qe2 Be7 15. a3 fxe5 16. fxe5 g5 17. Bxg5 Nxe5 18. Nxe5 Bxg5 19. Bh3 Ne3 20. Nxd7 Kxd7 21. Nxe3 Bxe3 22. Rf1 Ke7 23. Kd1 Qe5 24. Kc2 h4 25. Bg4 hxg3 26. hxg3 Raf8 27. Qg2 Kd6 28. b4 Rxf1 29. Rxf1 cxb4 30. axb4 axb4 31. Qxb7 b3+ 32. Kxb3 Qc5 33. Rf6 Re8 34. Rf7 Ke5 35. Rh7 Kf6 36. Qf7+ 1-0